Personnages historiques par lettre - B - Statistiques

Statistiques générales
  • Ce quiz a été pris 219 fois
  • Le résultat moyen est 11 sur 30
Statistiques - réponses
INDICE RÉPONSE % Correct
Poète français aux fleurs maléfiques (1821-1867) Charles Baudelaire
85%
Compositeur allemand qui correspondait avec Élise (1770-1827) Ludwig van Beethoven
83%
César lui a dit "Tu quoque mi fili" (85-42 avant J.-C.) Brutus
74%
Président bolivien surnommé El Libertador (1783-1830) Simón Bolívar
67%
Figure du Front Populaire (1872-1950) Léon Blum
59%
Premier chef d'état français élu au suffrage universel masculin (1808-1873) Louis-Napoléon Bonaparte
59%
Peintre italien à qui l'on doit La Naissance de Vénus et Le Printemps (1445-1510) Sandro Boticelli
59%
Criminel de guerre allemand surnommé "Le Boucher de Lyon" (1913-1991) Klaus Barbie
58%
Homme d'état prussien puis allemand, unificateur de l'Allemagne (1815-1898) Otto von Bismarck
58%
Auteur français du cycle de La Comédie humaine (1799-1850) Honoré de Balzac
53%
Artiste américaine et résistante française (1906-1975) Joséphine Baker
48%
Première Impératrice des Français (1763-1814) Joséphine de Beauharnais
46%
Chevalier "sans peur et sans reproche" (1475-1524) Bayard
42%
Reine d'Angleterre décapitée (1501-1536) Anne Boleyn
39%
Figure mythique de la conquête de l'Ouest et fonda le Wild West Show (1846-1917) Buffalo Bill
37%
Poète angevin membre fondateur de la Pléiade (1522-1560) Joachim du Bellay
34%
Lord et poète anglais (1788-1824) Lord Byron
34%
Roi lépreux de Jérusalem (1161-1185) Baudouin IV
21%
Réputée comme l'une des plus grandes tragédiennes françaises (1844-1923) Sarah Bernhardt
19%
Maréchal d'Empire devenu roi de Suède (1763-1844) Jean Bernadotte
18%
Empereur du Saint-Empire-Romain-Germanique mort noyé pendant la Troisième Croisade (1122-1190) Frédéric Barberousse
17%
Chef gaulois ayant mis Rome à sac (IVe siècle avant J.-C.) Brennus
15%
Philosophe anglais, théoricien de la méthode expérimentale (1561-1626) Francis Bacon
15%
Roi d'Écosse et héros des guerres d'indépendances écossaises (1274-1329) Robert Bruce
15%
Evêque et académicien français connu pour ses oraisons funèbres (1627-1704) Jacques-Bénigne Bossuet
13%
Reine des Francs célèbre pour sa rivalité avec Frédégonde (547-613) Brunehaut
11%
Reine celte ayant mené un soulèvement contre les Romains (30-61) Boadicée
10%
Politicien français, prix Nobel de la paix, a œuvré à la réconciliation franco-allemande (1862-1932) Aristide Briand
9%
Archevêque de Cantorbéry assassiné sur ordre d'Henri II Plantagenêt (1118-1170) Thomas Becket
9%
Moine surnommé "Père de l'histoire anglaise" (672-735) Bède le Vénérable
3%
Aucun quiz correspondant
Distribution des résultats
% des personnes avec chaque résultat
Percentile par nombre de réponses
Votre historique - résultats
Vous n’avez pas pris ce quiz